Missing Word: #1 Hits of 1975 Quiz Stats

 Plays Quiz Updated Jul 11, 2020

Support Sporcle.
Go Orange.
Score 0/21 Timer 03:00
1 Play Today
#1 Hit Song Missing Word % Correct
_____ Will Keep Us TogetherLove
91.8%
Rhinestone _____Cowboy
91.7%
Before the Next Teardrop _____Falls
85.5%
_____ in the Sky with DiamondsLucy
85.2%
Thank God I'm a _____ BoyCountry
79.9%
One of These _____Nights
77.3%
_____ Up the PiecesPick
74.1%
_____ Talkin'Jive
71.9%
(Hey Won't You Play) Another Somebody Done Somebody _____ SongWrong
71.2%
_____ Mr. PostmanPlease
69.2%
Get _____ TonightDown
67.7%
#1 Hit Song Missing Word % Correct
Philadelphia _____Freedom
63.3%
Listen to What the _____ SaidMan
63.2%
Have You _____ Been MellowNever
61.4%
Laughter in the _____Rain
57.2%
Lady _____Marmalade
55.2%
You're No _____Good
53.6%
_____ of My LoveBest
48.6%
_____ WaterBlack
46.2%
_____ StarShining
40.2%
_____ GirlIsland
26.9%

Today's Daily Dose

You're not logged in!

Compare scores with friends on all Sporcle quizzes.
OR
Log In
Forgot?

From the Vault

Any NFL Team Besides the Raiders

by sathyamc

Once you enter the Black Hole, there's no getting out.
Remove Ads.
Support Sporcle.
Get the best of Sporcle when you Go Orange. This ad-free experience offers more features, more stats, and more fun while also helping to support Sporcle. Thank you for becoming a member.

Show Comments

Extras

Top Quizzes Today


Score Distribution

Your Account Isn't Verified!

In order to create a playlist on Sporcle, you need to verify the email address you used during registration. Go to your Sporcle Settings to finish the process.

Report this User

Report this user for behavior that violates our Community Guidelines.

Details: